[Event "31. DSenEM2018-Gruppe-65"]
[Site "Radebeul"]
[Date "2019.04.28"]
[Round "3.24"]
[White "Böhm, Erwin"]
[Black "Dobierzin, Olaf"]
[Result "1-0"]
[BlackElo "1992"]
[BlackTeam "SG Leipzig"]
[EventDate "2019.??.??"]
[PlyCount "135"]
[WhiteElo "2155"]
[WhiteTeam "SV Dresden-Leuben"]

1. e4 c5 2. b3 g6 3. Bb2 Nf6 4. e5 Nd5 5. Bc4 Nb6 6. Bxf7+ Kxf7 7. e6+ Kg8 8.
Qf3 dxe6 9. Bxh8 Kxh8 10. h4 Bg7 11. Nc3 Nc6 12. O-O-O e5 13. g4 Qd4 14. Nge2
Qxg4 15. Qe3 Nd4 16. h5 Qf5 17. d3 g5 18. Ng3 Qf4 19. h6 Bf6 20. Nh5 Qf3 21.
Qxf3 Nxf3 22. Ne4 Nd5 23. Nxc5 Nc3 24. Rdf1 b6 25. Ne4 Nxe4 26. dxe4 Bb7 27.
Ng3 g4 28. Rd1 Bc6 29. Rd3 Kg8 30. c4 Kf7 31. b4 a6 32. Kc2 Bg5 33. Kc3 Kg6 34.
Rhd1 Bxh6 35. Rd8 Rxd8 36. Rxd8 Bf4 37. Rg8+ Kf7 38. Rxg4 Bd7 39. Nf5 h5 40.
Rg7+ Kf6 41. Rh7 Bxf5 42. exf5 h4 43. Rh5 Bg3 44. Kd3 Bxf2 45. Ke2 Nd4+ 46.
Kxf2 Nxf5 47. c5 bxc5 48. bxc5 Kg6 49. Rh8 Kg7 50. Rd8 e4 51. c6 e3+ 52. Ke2 h3
53. c7 h2 54. Rd1 Nd6 55. Kxe3 Kf7 56. Kd4 Nb5+ 57. Kc5 Nxc7 58. Rh1 Ke6 59.
Rxh2 Kf7 60. Rd2 Ke6 61. a4 Ke5 62. Re2+ Kf6 63. Kb6 Nd5+ 64. Kxa6 Nc3 65. Rf2+
Ke5 66. a5 Kd6 67. Rd2+ Kc5 68. Rc2  1-0

[Event "31. DSenEM2018-Gruppe-65"]
[Site "Radebeul"]
[Date "2019.04.28"]
[Round "3.25"]
[White "Knaak, Joachim"]
[Black "Kahn, Peter"]
[Result "1-0"]
[BlackElo "1994"]
[BlackTeam "Siebenlehner SV"]
[EventDate "2019.??.??"]
[PlyCount "67"]
[WhiteElo "2139"]
[WhiteTeam "SV Dresden-Leuben"]

1. d4 d5 2. c4 c6 3. Nc3 Nf6 4. Nf3 e6 5. e3 Nbd7 6. Bd3 dxc4 7. Bxc4 b5 8. Bd3
Bb7 9. O-O a6 10. e4 c5 11. d5 Qc7 12. Qe2 c4 13. Bc2 O-O-O 14. Bg5 Bd6 15.
Rfd1 h6 16. Bh4 g5 17. Bg3 e5 18. Re1 Nh5 19. b3 b4 20. Na4 c3 21. Bd3 a5 22.
a3 Nf4 23. Bxf4 gxf4 24. axb4 axb4 25. Ba6 Nb8 26. Bxb7+ Qxb7 27. Nh4 h5 28.
Nf5 Rd7 29. Qc4+ Kd8 30. Nc5 Bxc5 31. Qxc5 Rg8 32. Ra4 Na6 33. Qa5+ Nc7 34.
Rxb4  1-0

[Event "31. DSenEM2018-Gruppe-65"]
[Site "Radebeul"]
[Date "2019.04.28"]
[Round "3.26"]
[White "Orlova, Liubov"]
[Black "Lutz, Albert"]
[Result "0-1"]
[BlackElo "2138"]
[BlackTeam "SK Krumbach"]
[EventDate "2019.??.??"]
[PlyCount "140"]
[WhiteElo "1988"]
[WhiteTeam "TSV IFA Chemnitz"]

1. d4 Nf6 2. c4 g6 3. Nc3 d5 4. cxd5 Nxd5 5. e4 Nxc3 6. bxc3 Bg7 7. Be3 c5 8.
Bc4 O-O 9. Ne2 Nc6 10. O-O Bg4 11. f3 Na5 12. Bb5 a6 13. Ba4 Nc4 14. Bc1 Bd7
15. Bb3 b5 16. Bxc4 bxc4 17. Be3 cxd4 18. Bxd4 e5 19. Be3 Qe7 20. Rb1 Rab8 21.
Qc2 Rb5 22. Rxb5 axb5 23. Rd1 Bc6 24. Qd2 Rc8 25. g3 f5 26. exf5 gxf5 27. Bg5
Bf6 28. Bxf6 Qxf6 29. Kf2 Rc7 30. Qd8+ Qxd8 31. Rxd8+ Kf7 32. f4 exf4 33. Nxf4
Ra7 34. Rd2 Ra3 35. Ne2 Be4 36. Rb2 Bd3 37. Rxb5 Rxa2 38. Re5 Kf6 39. Re8 Rc2
40. Ke1 Ra2 41. Nf4 Rxh2 42. Rd8 Be4 43. Rd4 Kg5 44. Rxc4 Kg4 45. Rc7 Kxg3 46.
Ne2+ Kf3 47. Ng1+ Ke3 48. Rg7 f4 49. c4 Ra2 50. Rd7 f3 51. Rd1 f2+ 52. Kf1
fxg1=Q+ 53. Kxg1 Rc2 54. Ra1 Rxc4 55. Ra3+ Kf4 56. Ra7 Kg3 57. Rg7+ Bg6 58. Kf1
Rc1+ 59. Ke2 Rc6 60. Ra7 h5 61. Ra3+ Kg2 62. Ra5 Re6+ 63. Kd2 h4 64. Rg5+ Kf2
65. Rg4 Rd6+ 66. Kc1 h3 67. Kb2 h2 68. Rh4 Kg3 69. Rh6 Rc6 70. Ka3 Be4  0-1

[Event "31. DSenEM2018-Gruppe-65"]
[Site "Radebeul"]
[Date "2019.04.28"]
[Round "3.28"]
[White "Türtmann, Dieter"]
[Black "Villing, Dieter"]
[Result "1-0"]
[BlackElo "2100"]
[BlackTeam "SK Ludwigshafen"]
[EventDate "2019.??.??"]
[PlyCount "73"]
[WhiteElo "1947"]
[WhiteTeam "ESV Eberswalde"]

1. b3 b6 2. Bb2 Bb7 3. e3 e6 4. Nf3 f5 5. Be2 Nf6 6. O-O Nc6 7. d3 Bd6 8. Nbd2
O-O 9. a3 e5 10. h4 Qe7 11. Re1 Rae8 12. Nc4 e4 13. Nxd6 cxd6 14. Nd2 Ne5 15.
d4 Ng6 16. g3 f4 17. gxf4 Nxf4 18. Bf1 Ne6 19. Bg2 Qf7 20. c4 Nh5 21. Rf1 Ng5
22. d5 Nf3+ 23. Bxf3 exf3 24. Kh2 Qf5 25. Rg1 Re5 26. Nf1 Rf6 27. Ng3 Nxg3 28.
Rxg3 Rg6 29. Bxe5 Qxe5 30. Qd4 Rxg3 31. fxg3 Qf5 32. e4 Qh5 33. Kg1 g5 34. Kf2
Qf7 35. Qe3 Qf6 36. g4 Ba6 37. Kg3  1-0

[Event "31. DSenEM2018-Gruppe-65"]
[Site "Radebeul"]
[Date "2019.04.28"]
[Round "3.29"]
[White "Syré, Christian"]
[Black "Bieberle, Gerhart"]
[Result "1-0"]
[BlackElo "1941"]
[BlackTeam "PTSV Aachen"]
[EventDate "2019.??.??"]
[PlyCount "55"]
[WhiteElo "2210"]
[WhiteTeam "TSG Oberschöneweide"]

1. d4 d5 2. c4 c6 3. cxd5 cxd5 4. Nc3 Nf6 5. Bf4 a6 6. e3 e6 7. Bd3 Bd6 8. Bxd6
Qxd6 9. f4 b5 10. Nf3 Bb7 11. O-O O-O 12. Rc1 Nc6 13. Ne5 Ne7 14. Qf3 g6 15.
Rc2 Kg7 16. g4 Nd7 17. f5 f6 18. Nxd7 Qxd7 19. fxg6 hxg6 20. Qg3 Rf7 21. g5 f5
22. Nxb5 axb5 23. Rc7 Qd8 24. Rxb7 Ng8 25. Rxb5 Rxa2 26. Rc1 Qa8 27. Rb8 Qa7
28. Rcc8  1-0

[Event "31. DSenEM2018-Gruppe-65"]
[Site "Radebeul"]
[Date "2019.04.28"]
[Round "3.30"]
[White "Niebuhr, Gerd"]
[Black "Schulz, Michael"]
[Result "0-1"]
[BlackElo "2183"]
[BlackTeam "SC Zitadelle Spandau"]
[EventDate "2019.??.??"]
[PlyCount "48"]
[WhiteElo "1899"]
[WhiteTeam "Freibauer Wedemark"]

1. d4 Nf6 2. c4 c5 3. d5 e6 4. Nc3 exd5 5. cxd5 d6 6. Nf3 g6 7. Bf4 a6 8. a4 Bg7
9. h3 O-O 10. e3 Nh5 11. Bh2 f5 12. Qd2 Qe7 13. Be2 Nd7 14. O-O b6 15. Ne1 Nhf6
16. Nd3 g5 17. f4 Ne4 18. Nxe4 fxe4 19. Nf2 gxf4 20. Qc2 f3 21. Nxe4 fxe2 22.
Rxf8+ Nxf8 23. Bxd6 Qe8 24. Bxf8 Kxf8  0-1

[Event "31. DSenEM2018-Gruppe-65"]
[Site "Radebeul"]
[Date "2019.04.28"]
[Round "3.31"]
[White "Falk, Thomas"]
[Black "Werl, Ralf-Dieter"]
[Result "1/2-1/2"]
[BlackElo "1904"]
[BlackTeam "SV Motor Hainichen"]
[EventDate "2019.??.??"]
[PlyCount "51"]
[WhiteElo "2135"]
[WhiteTeam "SV Oberursel"]

1. e4 e5 2. Nf3 Nc6 3. d4 exd4 4. Bc4 Bc5 5. c3 Qe7 6. O-O d3 7. b4 Bb6 8. e5 d6
9. Bg5 f6 10. exf6 Nxf6 11. Re1 Ne5 12. Nxe5 dxe5 13. Qxd3 Bd7 14. Qg3 O-O-O
15. Nd2 h6 16. Rxe5 Bxf2+ 17. Qxf2 Qxe5 18. Qxa7 c6 19. Bh4 Ng4 20. Qa8+ Kc7
21. Bxd8+ Rxd8 22. Qa5+ Qxa5 23. bxa5 Ne3 24. Re1 Nxc4 25. Nxc4 Re8 26. Rxe8 
1/2-1/2

[Event "31. DSenEM2018-Gruppe-65"]
[Site "Radebeul"]
[Date "2019.04.28"]
[Round "3.32"]
[White "Essegern, Kurt"]
[Black "Jürgens, Peter"]
[Result "1-0"]
[BlackElo "1899"]
[BlackTeam "SC Tempo Göttingen"]
[EventDate "2019.??.??"]
[PlyCount "99"]
[WhiteElo "2116"]
[WhiteTeam "Bad Salzungen"]

1. e4 e6 2. d4 d5 3. Nd2 c5 4. Ngf3 a6 5. exd5 exd5 6. Be2 Nf6 7. O-O Be7 8.
dxc5 Bxc5 9. Nb3 Bb6 10. Bg5 O-O 11. c3 Re8 12. Re1 Be6 13. Nfd4 Nc6 14. Bh4
Bc7 15. Nxc6 bxc6 16. Qd4 Qd6 17. Bg3 Qd8 18. Nc5 Bxg3 19. hxg3 a5 20. a4 Bf5
21. b4 Qb8 22. b5 cxb5 23. axb5 Qc7 24. Na6 Qd8 25. Bf1 Rxe1 26. Rxe1 Bc8 27.
Nc5 Bf5 28. f3 h5 29. Ra1 Bc8 30. Nb3 Bd7 31. Nc5 Bc8 32. c4 Bf5 33. cxd5 Qxd5
34. Qxd5 Nxd5 35. Na6 a4 36. Rxa4 Nb6 37. Rd4 Rc8 38. Rd6 Nc4 39. Rc6 Na5 40.
Rxc8+ Bxc8 41. Kf2 Kf8 42. Ke3 Ke7 43. Kd4 Kd6 44. Nc5 Bf5 45. Be2 Bc2 46. f4
g6 47. Ne4+ Kd7 48. Nd2 Nb7 49. Bf3 Nd8 50. Kc5  1-0

[Event "31. DSenEM2018-Gruppe-65"]
[Site "Radebeul"]
[Date "2019.04.28"]
[Round "3.33"]
[White "Krüger, Erich"]
[Black "Fleischer, Martin"]
[Result "1-0"]
[BlackElo "1881"]
[BlackTeam "SV Einheit Schwerin"]
[EventDate "2019.??.??"]
[PlyCount "116"]
[WhiteElo "2113"]
[WhiteTeam "SF Essen-Katernberg"]

1. d4 e6 2. c4 d5 3. Nc3 Nf6 4. cxd5 exd5 5. Bg5 Be7 6. e3 c6 7. Qc2 Nbd7 8. Bd3
h6 9. Bh4 O-O 10. Nf3 Re8 11. O-O Bd6 12. Rab1 b5 13. e4 g5 14. e5 gxh4 15.
exd6 Nh5 16. Rbe1 Rxe1 17. Rxe1 Nf8 18. Qd2 Qf6 19. Re8 Qxd6 20. Nxh4 Ng7 21.
Re1 Qf6 22. Nf3 Bf5 23. Ne5 Bxd3 24. Qxd3 Re8 25. Re3 Ng6 26. Ng4 Qg5 27. h3 h5
28. Rxe8+ Nxe8 29. Qe3 Qxe3 30. Nxe3 Nd6 31. g3 f5 32. Kg2 Kf7 33. b3 Ke6 34.
Kf3 Nc4 35. Ne2 Nd2+ 36. Kg2 a5 37. Nc2 Kd6 38. Ne3 Ne7 39. Nf4 c5 40. dxc5+
Kxc5 41. Nxh5 d4 42. Nc2 Nb1 43. Nf4 Nc3 44. a3 Nc6 45. h4 Kd6 46. h5 Ne4 47.
f3 Ng5 48. Nd3 Kd5 49. f4 Ne4 50. h6 Nf6 51. Kf3 Ne7 52. Ne5 Neg8 53. Nf7 Nh7
54. Ng5 Ngf6 55. Ke2 a4 56. bxa4 bxa4 57. Kd3 Nf8 58. Nxd4 Nh5  1-0

[Event "31. DSenEM2018-Gruppe-65"]
[Site "Radebeul"]
[Date "2019.04.28"]
[Round "3.34"]
[White "Jacob, Helmut"]
[Black "Dötzel, Hartwig"]
[Result "1-0"]
[BlackElo "1877"]
[BlackTeam "USV TU Dresden"]
[EventDate "2019.??.??"]
[PlyCount "103"]
[WhiteElo "2107"]
[WhiteTeam "SK Ochtrup"]

1. e4 e5 2. Nf3 Nc6 3. Nc3 Nf6 4. d4 exd4 5. Nxd4 d6 6. Be2 Be7 7. O-O Nxd4 8.
Qxd4 O-O 9. b3 c6 10. Bb2 Qc7 11. a4 Qb6 12. Qxb6 axb6 13. Ba3 Rd8 14. Rfd1 Be6
15. e5 Ne8 16. Ne4 c5 17. exd6 Nxd6 18. Nxd6 Rxd6 19. Bf3 Rad8 20. Rxd6 Rxd6
21. Re1 Rd7 22. Kf1 Kf8 23. Be4 Bf6 24. Ke2 Bc3 25. Rd1 Rxd1 26. Kxd1 Bc8 27.
Bc1 g6 28. Bf4 Ke7 29. Bc7 Ba5 30. Ke2 f6 31. Kd3 Kd7 32. Bf4 Be1 33. Be3 Ba5
34. c3 Kd6 35. Bd2 c4+ 36. bxc4 Bf5 37. Bxf5 gxf5 38. Kd4 Ke6 39. Bh6 Kd6 40.
Bf8+ Ke6 41. Bb4 Bxb4 42. cxb4 Kd6 43. f4 Kc6 44. Ke3 Kd6 45. Kf3 Ke6 46. Kg3
Kf7 47. Kh4 Kg6 48. c5 bxc5 49. bxc5 Kf7 50. a5 Ke6 51. c6 bxc6 52. a6  1-0

[Event "31. DSenEM2018-Gruppe-65"]
[Site "Radebeul"]
[Date "2019.04.28"]
[Round "3.35"]
[White "Meier, Wolfgang"]
[Black "Keeve, Martin"]
[Result "1-0"]
[BlackElo "1860"]
[BlackTeam "USV TU Dresden"]
[EventDate "2019.??.??"]
[PlyCount "79"]
[WhiteElo "2092"]
[WhiteTeam "SSV Altenberg"]

1. c4 d6 2. Nc3 c6 3. d4 Qc7 4. e4 Nd7 5. Nf3 e5 6. Be2 Be7 7. O-O Ngf6 8. h3
O-O 9. Be3 Rd8 10. Qc2 Nf8 11. Rac1 Ng6 12. Rfd1 b6 13. a3 Bd7 14. b4 a5 15. b5
c5 16. dxc5 dxc5 17. Rd2 Be6 18. Nd5 Bxd5 19. exd5 e4 20. Nh2 Re8 21. Re1 Bd6
22. Nf1 h6 23. f3 Bg3 24. Red1 Bd6 25. fxe4 Nxe4 26. Rd3 Ne5 27. Rb3 Nf6 28.
Qf5 Re7 29. Bxh6 Rae8 30. Bg5 Ng6 31. Be3 Re5 32. Qb1 Qe7 33. Bf3 Nh4 34. Bf4
Nxf3+ 35. Rxf3 Re2 36. Bxd6 Qxd6 37. Ng3 R2e5 38. Rdf1 Rg5 39. Qd3 Re7 40. Nf5 
1-0

[Event "31. DSenEM2018-Gruppe-65"]
[Site "Radebeul"]
[Date "2019.04.28"]
[Round "3.36"]
[White "Esswein, Karlheinz"]
[Black "Klimpel, Siegfried"]
[Result "1-0"]
[BlackElo "1856"]
[BlackTeam "TSV Kareth-Lappersdorf"]
[EventDate "2019.??.??"]
[PlyCount "40"]
[WhiteElo "2077"]
[WhiteTeam "SK Ludwigshafen"]

1. e4 e5 2. Nf3 Nc6 3. Bb5 Nd4 4. Nxd4 exd4 5. O-O a6 6. Bc4 d6 7. d3 Nf6 8. a4
Be6 9. Bxe6 fxe6 10. f4 e5 11. c3 c5 12. Nd2 Be7 13. Qb3 Qd7 14. Nc4 Qc7 15.
cxd4 cxd4 16. Bd2 Rb8 17. Ba5 Qc5 18. Bb6 Qc6 19. fxe5 dxe5 20. Nxe5 Qd6  1-0

[Event "31. DSenEM2018-Gruppe-65"]
[Site "Radebeul"]
[Date "2019.04.28"]
[Round "3.37"]
[White "Leisen, Peter"]
[Black "Kreutzkamp, Hans-Rudolf"]
[Result "0-1"]
[BlackElo "2068"]
[BlackTeam "SK Union Eimsbuettel"]
[EventDate "2019.??.??"]
[PlyCount "84"]
[WhiteElo "1872"]
[WhiteTeam "SV Bönen"]

1. d4 Nf6 2. Nf3 b6 3. g3 Bb7 4. Bg2 e6 5. c4 c5 6. O-O cxd4 7. Nxd4 Bxg2 8.
Kxg2 Be7 9. Nc3 O-O 10. Bg5 a6 11. e4 Qc7 12. Qe2 h6 13. Be3 Rc8 14. b3 Nc6 15.
Rac1 Qb7 16. f3 Bc5 17. Rfd1 d6 18. Nxc6 Qxc6 19. Bxc5 dxc5 20. Rd2 Rd8 21.
Rcd1 Qc7 22. f4 Rxd2 23. Qxd2 Ra7 24. Qe2 Qc6 25. Qf3 Rd7 26. Rxd7 Qxd7 27. e5
Qd2+ 28. Kh3 Nh7 29. Na4 g5 30. Nxb6 Kg7 31. Na4 f5 32. exf6+ Nxf6 33. fxg5
hxg5 34. g4 Qd4 35. Nc3 Nxg4 36. Ne4 Qxe4 37. Qxg4 Qxg4+ 38. Kxg4 Kf6 39. b4
cxb4 40. c5 a5 41. c6 Ke7 42. Kxg5 a4  0-1

[Event "31. DSenEM2018-Gruppe-65"]
[Site "Radebeul"]
[Date "2019.04.28"]
[Round "3.38"]
[White "Molzahn, Norbert"]
[Black "Just, Gabriele"]
[Result "0-1"]
[BlackElo "1855"]
[BlackTeam "SG Leipzig"]
[EventDate "2019.??.??"]
[PlyCount "58"]
[WhiteElo "2068"]
[WhiteTeam "SV Motor Hainichen"]

1. d4 e6 2. Nf3 f5 3. e3 Nf6 4. Bd3 Be7 5. O-O O-O 6. c4 d5 7. Nc3 c6 8. Ne5 Bd6
9. Bd2 Nbd7 10. Nxd7 Bxd7 11. cxd5 exd5 12. Qc2 Qc7 13. f4 Ne4 14. Rac1 Qd8 15.
Rf3 Qf6 16. Rcf1 Rae8 17. Rh3 Kh8 18. Be1 g5 19. Nxe4 fxe4 20. Be2 Bxh3 21.
gxh3 gxf4 22. Bh5 Qg5+ 23. Bg4 h5 24. exf4 Rxf4 25. Rxf4 Bxf4 26. Qg2 Rg8 27.
Bg3 hxg4 28. h4 Be3+ 29. Kh1 Qf5  0-1

[Event "31. DSenEM2018-Gruppe-65"]
[Site "Radebeul"]
[Date "2019.04.28"]
[Round "3.40"]
[White "Hadlich, Winfried"]
[Black "Steingrobe, Udo"]
[Result "1-0"]
[BlackElo "2056"]
[BlackTeam "Schachfüchse Kempen"]
[EventDate "2019.??.??"]
[PlyCount "115"]
[WhiteElo "1854"]
[WhiteTeam "SV Holstein Quickborn"]

1. d4 f5 2. g3 Nf6 3. Bg2 e6 4. c4 d5 5. Nf3 Be7 6. Nc3 O-O 7. O-O c6 8. cxd5
exd5 9. Qb3 Nbd7 10. Ng5 Nb6 11. e4 fxe4 12. Ngxe4 Kh8 13. Ng5 Bf5 14. Nf3 Bd6
15. Bg5 h6 16. Be3 Qe8 17. Rfe1 Qh5 18. Nh4 Ng4 19. Qd1 Nc4 20. h3 Ncxe3 21.
Rxe3 Qf7 22. hxg4 Bxg4 23. Qc2 Kg8 24. Rf1 Rfe8 25. Rfe1 Rf8 26. Nf3 c5 27. Ne5
Bxe5 28. Rxe5 Kh8 29. Bxd5 Qc7 30. dxc5 Rad8 31. b4 a5 32. Re7 Rd7 33. Re8 Rd8
34. Qg6 Bf5 35. Rxf8+ Rxf8 36. Qd6 Qxd6 37. cxd6 axb4 38. Ne4 Rd8 39. Rd1 Rd7
40. f3 g5 41. Bb3 Kg7 42. Nc5 Rd8 43. g4 Bd7 44. Be6 Bc6 45. Kf2 Kf6 46. Bf5 h5
47. Ne4+ Bxe4 48. Bxe4 hxg4 49. fxg4 Ke5 50. Bxb7 b3 51. axb3 Ke6 52. d7 Ke7
53. Bc8 Rf8+ 54. Kg3 Kd8 55. Rd5 Rg8 56. b4 Rg6 57. b5 Re6 58. Rxg5  1-0

[Event "31. DSenEM2018-Gruppe-65"]
[Site "Radebeul"]
[Date "2019.04.28"]
[Round "3.41"]
[White "Selig, Rainer"]
[Black "Schmidt, Hans-Gerd"]
[Result "1-0"]
[BlackElo "1850"]
[BlackTeam "TuS Coswig"]
[EventDate "2019.??.??"]
[PlyCount "59"]
[WhiteElo "2048"]
[WhiteTeam "SpV Ebersbach/SA"]

1. Nf3 Nf6 2. c4 g6 3. Nc3 Bg7 4. e4 d6 5. d4 O-O 6. Bg5 h6 7. Bf4 Nbd7 8. Be2
c5 9. d5 b5 10. cxb5 a6 11. O-O Qb6 12. Nd2 axb5 13. Bxb5 Ba6 14. Nc4 Qb7 15.
Bxa6 Qxa6 16. Qe2 Rfb8 17. Rfc1 Rb4 18. b3 Rab8 19. Bd2 Ne5 20. Nxe5 Qxe2 21.
Nxe2 Rxe4 22. Nc6 Rxe2 23. Nxb8 Rxd2 24. Rd1 Rxd5 25. a4 Ne4 26. Rxd5 Bxa1 27.
a5 Bd4 28. a6 Bxf2+ 29. Kf1 c4 30. bxc4  1-0

[Event "31. DSenEM2018-Gruppe-65"]
[Site "Radebeul"]
[Date "2019.04.28"]
[Round "3.42"]
[White "Hellwege, Werner"]
[Black "Westphal, Norbert"]
[Result "1/2-1/2"]
[Annotator "lenovo"]
[BlackElo "2048"]
[BlackTeam "BSV Chemie Radebeul"]
[EventDate "2019.??.??"]
[PlyCount "63"]
[WhiteElo "1845"]
[WhiteTeam "HSK Lister Turm"]

1. d4 Nf6 2. c4 e6 3. Nf3 d5 4. g3 c5 5. Bg2 Nc6 6. cxd5 exd5 7. O-O h6 8. Nc3
Be6 9. Bf4 Rc8 10. Rc1 g5 11. Be5 g4 12. Bxf6 Qxf6 13. Nh4 cxd4 14. Nxd5 Qd8
15. Nf4 Rg8 16. Nxe6 fxe6 17. Qb3 Qd7 18. Rfd1 Rg5 19. Bxc6 Rxc6 20. Rxc6 bxc6
21. Qb8+ Ke7 22. Qb4+ c5 23. Qc4 Qb7 24. b3 Kf6 25. e3 e5 26. exd4 exd4 27. Re1
Qd7 28. Qd3 Kg7 29. Ng2 Bd6 30. Re2 Qf7 31. Qe4 h5 32. Nh4 { ( = )}   1/2-1/2

[Event "31. DSenEM2018-Gruppe-65"]
[Site "Radebeul"]
[Date "2019.04.28"]
[Round "3.43"]
[White "Krotofil, Kurt"]
[Black "Glasewald, Stefan"]
[Result "0-1"]
[BlackElo "2018"]
[BlackTeam "SV Dresden-Striesen"]
[EventDate "2019.??.??"]
[PlyCount "128"]
[WhiteElo "1840"]
[WhiteTeam "Niendorfer TSV"]

1. d4 Nf6 2. c4 e5 3. dxe5 Ne4 4. Nd2 Bb4 5. a3 Bxd2+ 6. Bxd2 Nc6 7. Nf3 Nxd2 8.
Qxd2 Qe7 9. e3 Nxe5 10. Nxe5 Qxe5 11. Be2 d6 12. O-O O-O 13. Rfd1 b6 14. Bf3
Rb8 15. Qd4 Be6 16. Rd2 Qxd4 17. Rxd4 Rfd8 18. Rad1 Kf8 19. Bc6 Bd7 20. Bxd7
Rxd7 21. b4 Re7 22. g3 Re5 23. Kg2 a5 24. Rd5 Rxd5 25. cxd5 axb4 26. axb4 Ra8
27. Rc1 Ra7 28. Kf3 Ke7 29. Rc2 Kd7 30. Ke4 Ra4 31. Rb2 c5 32. Kd3 Kc7 33. b5
g5 34. f4 g4 35. h4 f5 36. Re2 Kd7 37. Kc3 Ra3+ 38. Kc4 h5 39. Re1 Ra4+ 40. Kc3
Ra2 41. Rg1 Ra3+ 42. Kd2 Ra5 43. Rb1 Kc7 44. Kc3 Ra3+ 45. Rb3 Ra1 46. Kb2 Rg1
47. e4 fxe4 48. Re3 Kd7 49. Kc3 Rd1 50. Rxe4 Rxd5 51. Ra4 Rd1 52. Ra7+ Ke6 53.
Rh7 Rg1 54. Rh6+ Kd5 55. Rxh5+ Ke4 56. Rg5 Rxg3+ 57. Kd2 Kxf4 58. Rd5 Rb3 59.
Rxd6 Rxb5 60. h5 Rb2+ 61. Ke1 Rh2 62. Rxb6 Rxh5 63. Kf2 Rh2+ 64. Kg1 Rc2  0-1

[Event "31. DSenEM2018-Gruppe-65"]
[Site "Radebeul"]
[Date "2019.04.28"]
[Round "3.44"]
[White "Kanibalotska, Elisabeth"]
[Black "Petzold, Hans"]
[Result "1-0"]
[BlackElo "2017"]
[BlackTeam "USV TU Dresden"]
[EventDate "2019.??.??"]
[PlyCount "67"]
[WhiteElo "1794"]
[WhiteTeam "SV Lok Dresden"]

1. d4 Nf6 2. Nf3 e6 3. Bf4 b6 4. e3 Bb7 5. Nbd2 Be7 6. Bd3 Nh5 7. Bg3 d6 8. e4
Nd7 9. c3 e5 10. dxe5 Nxg3 11. hxg3 dxe5 12. Qc2 Bf6 13. O-O-O Qe7 14. Nb3 O-O
15. Qe2 a5 16. a4 Rfd8 17. Kb1 Nc5 18. Nxc5 Qxc5 19. Bc2 Ba6 20. Rxd8+ Rxd8 21.
Qxa6 Qxf2 22. Rd1 Rf8 23. Qf1 Qxg3 24. Rd7 Bd8 25. Bb3 Qf4 26. Bxf7+ Kh8 27.
Bd5 Qg4 28. Bc6 Qg6 29. Qd1 Qxc6 30. Rxd8 Qxe4+ 31. Ka1 Qf4 32. Rxf8+ Qxf8 33.
Nxe5 Qf6 34. Nf3  1-0

[Event "31. DSenEM2018-Gruppe-65"]
[Site "Radebeul"]
[Date "2019.04.28"]
[Round "3.45"]
[White "Schmidt, Jörg"]
[Black "Weber, Martin"]
[Result "1-0"]
[BlackElo "1848"]
[BlackTeam "SV Betzdorf-Kirchen"]
[EventDate "2019.??.??"]
[PlyCount "95"]
[WhiteElo "2016"]
[WhiteTeam "Aufbau Bernburg"]

1. e4 c5 2. Nf3 e6 3. d4 cxd4 4. Nxd4 Nc6 5. Be3 a6 6. c4 Bb4+ 7. Nc3 Nf6 8. Qc2
Qc7 9. f3 O-O 10. a3 Bd6 11. O-O-O Nxd4 12. Bxd4 Be5 13. Qf2 Bxd4 14. Qxd4 Rd8
15. e5 Ne8 16. Bd3 d6 17. f4 g6 18. Be4 Rb8 19. h4 b6 20. h5 Bb7 21. hxg6 Bxe4
22. gxf7+ Qxf7 23. Qxe4 dxe5 24. fxe5 Qg6 25. Rh4 Rxd1+ 26. Kxd1 Rd8+ 27. Kc2
Qxe4+ 28. Nxe4 Rd7 29. b4 Rg7 30. g4 Kf7 31. g5 Kg6 32. Rf4 h6 33. gxh6 Kxh6
34. c5 Rc7 35. Kb3 bxc5 36. Nxc5 Rc6 37. Kc4 Nc7 38. Rf6+ Kg5 39. a4 Rb6 40.
Ne4+ Kg4 41. Kc5 Nd5 42. Nc3 Nxc3 43. Kxb6 Nd5+ 44. Kxa6 Nxb4+ 45. Kb7 Nd3 46.
a5 Nxe5 47. Rxe6 Nd7 48. Rc6  1-0

[Event "31. DSenEM2018-Gruppe-65"]
[Site "Radebeul"]
[Date "2019.04.28"]
[Round "3.46"]
[White "Biller, Helmut"]
[Black "Lekakh, Mikhail"]
[Result "1-0"]
[BlackElo "1841"]
[BlackTeam "Oberbilker SV"]
[EventDate "2019.??.??"]
[PlyCount "105"]
[WhiteElo "2010"]
[WhiteTeam "SF Frankfurt"]

1. d4 Nf6 2. c4 e6 3. Nc3 Bb4 4. Qc2 Bxc3+ 5. Qxc3 Ne4 6. Qc2 f5 7. Nf3 b6 8. g3
Bb7 9. Bg2 Qc8 10. O-O d6 11. b3 Nd7 12. Bb2 Ndf6 13. Ne1 O-O 14. Nd3 Ng5 15.
f3 a5 16. a3 Ra7 17. b4 a4 18. Bc1 Nf7 19. Be3 d5 20. c5 Ba6 21. Qxa4 Qa8 22.
b5 Bc8 23. Qb3 g6 24. c6 Kg7 25. a4 Rh8 26. Ra3 Ne8 27. Rfa1 Ned6 28. Nb2 Nc4
29. Nxc4 dxc4 30. Qxc4 Nd6 31. Qb3 h5 32. Bd2 h4 33. a5 bxa5 34. Rxa5 Rxa5 35.
Rxa5 Qb8 36. Qb4 hxg3 37. hxg3 Re8 38. Qc5 Nf7 39. Qa7 Qb6 40. Qxb6 cxb6 41.
Ra7 Kf6 42. e4 e5 43. dxe5+ Nxe5 44. Bc3 Ke6 45. f4 Nc4 46. Rg7 fxe4 47. Bxe4
Nd6 48. Rxg6+ Kf7 49. Rf6+ Ke7 50. Bd3 Rg8 51. Kf2 Be6 52. Rh6 Nf7 53. Rxe6+ 
1-0

[Event "31. DSenEM2018-Gruppe-65"]
[Site "Radebeul"]
[Date "2019.04.28"]
[Round "3.47"]
[White "Jacob, Barbara"]
[Black "Zschunke, Werner"]
[Result "1-0"]
[BlackElo "2002"]
[BlackTeam "SK Schweinfurt"]
[EventDate "2019.??.??"]
[PlyCount "31"]
[WhiteElo "1776"]
[WhiteTeam "SK Ochtrup"]

1. e4 c5 2. d4 cxd4 3. c3 Nf6 4. e5 Nd5 5. Bc4 Nb6 6. Bb3 dxc3 7. Nxc3 Nc6 8.
Nf3 g6 9. O-O Bg7 10. Bf4 O-O 11. Ne4 h6 12. h4 Kh7 13. h5 g5 14. Qd3 Kh8 15.
Nexg5 Nb4 16. Qh7#  1-0

[Event "31. DSenEM2018-Gruppe-65"]
[Site "Radebeul"]
[Date "2019.04.28"]
[Round "3.48"]
[White "Kempe, Rainer"]
[Black "Andrienko, Anatoliy"]
[Result "0-1"]
[BlackElo "1828"]
[BlackTeam "SF Köln-Longerich"]
[EventDate "2019.??.??"]
[PlyCount "92"]
[WhiteElo "1991"]
[WhiteTeam "SV Lok Dresden"]

1. e4 c5 2. Nf3 g6 3. d4 cxd4 4. Nxd4 Bg7 5. Be3 Nc6 6. c3 d6 7. Bb5 Bd7 8. O-O
Nf6 9. Nd2 O-O 10. Be2 a6 11. f4 e6 12. Bf3 Qc7 13. Rc1 Rad8 14. N4b3 Na5 15.
c4 Ba4 16. Qe1 Nxb3 17. axb3 Bc6 18. c5 dxc5 19. Bxc5 Rfe8 20. e5 Nd5 21. Nc4
Bf8 22. Bd6 Bxd6 23. Nxd6 Qb6+ 24. Qf2 Qxf2+ 25. Rxf2 Re7 26. Bxd5 exd5 27. Re2
Kf8 28. Rd1 Rxd6 29. Kf2 Rde6 30. Ke3 f6 31. Kd4 Rf7 32. Rde1 fxe5+ 33. fxe5
Rf4+ 34. Kc5 h5 35. g3 Rf3 36. b4 Ke7 37. Re3 Rf5 38. h3 g5 39. b3 h4 40. g4
Rf4 41. Rd1 Kd7 42. Kb6 Rxb4+ 43. Ka7 Rf4 44. Kb6 Bb5+ 45. Kc5 b6+ 46. Kxd5
Bc6#  0-1

[Event "31. DSenEM2018-Gruppe-65"]
[Site "Radebeul"]
[Date "2019.04.28"]
[Round "3.49"]
[White "Wenske, Hardy"]
[Black "Kracht, Helmut"]
[Result "1/2-1/2"]
[BlackElo "1989"]
[BlackTeam "SK Kaltenkirchen"]
[EventDate "2019.??.??"]
[PlyCount "35"]
[WhiteElo "1747"]
[WhiteTeam "Kieler SG"]

1. Nf3 c5 2. e3 g6 3. d4 Bg7 4. c3 Qc7 5. Bd3 Nf6 6. Nbd2 d6 7. O-O O-O 8. Re1
Nc6 9. Qe2 Re8 10. dxc5 dxc5 11. e4 e5 12. Nf1 a6 13. Bg5 b5 14. Ne3 Be6 15.
Bxf6 Bxf6 16. Nd5 Qd8 17. Nxf6+ Qxf6 18. Qe3  1/2-1/2

[Event "31. DSenEM2018-Gruppe-65"]
[Site "Radebeul"]
[Date "2019.04.28"]
[Round "3.50"]
[White "Wurmb, Peter"]
[Black "Mertens, Gottfried"]
[Result "1-0"]
[BlackElo "1782"]
[BlackTeam "SK Weinheim"]
[EventDate "2019.??.??"]
[PlyCount "91"]
[WhiteElo "1984"]
[WhiteTeam "SK Heidenau"]

1. d4 f5 2. Nf3 Nf6 3. Nc3 e6 4. Bg5 Bb4 5. Qd2 O-O 6. a3 Bxc3 7. Qxc3 Nc6 8.
Ne5 Ne7 9. f3 d6 10. Nd3 Ned5 11. Qd2 Qe8 12. c4 Ne7 13. g3 Ng6 14. h4 e5 15.
h5 Nh8 16. dxe5 dxe5 17. h6 g6 18. Qc3 Nd7 19. O-O-O Nf7 20. Be3 Qe7 21. Bg2
Nd6 22. c5 Nb5 23. Qc4+ Qf7 24. Qxb5 c6 25. Qb4 Re8 26. Kb1 Nf6 27. Bd2 Nd5 28.
Qh4 b6 29. e4 Nf6 30. Bc3 Nd7 31. Rhe1 Ba6 32. exf5 Bxd3+ 33. Rxd3 Nxc5 34. Rd2
Qxf5+ 35. Rc2 Rad8 36. Qc4+ Rd5 37. b4 Na4 38. Qxc6 Nxc3+ 39. Qxc3 Qd7 40. Bf1
Kf8 41. f4 a5 42. fxe5 axb4 43. Qxb4+ Re7 44. e6 Rd1+ 45. Kb2 Rxe1 46. exd7 
1-0